Vô sinh

Na minha lista:
Detalhes bibliográficos
Autor principal: Nguyễn Thị Xiêm
Formato: Livro
Idioma:Undetermined
Publicado em: H. Y Học 2002
Assuntos:
Tags: Adicionar Tag
Sem tags, seja o primeiro a adicionar uma tag!
Thư viện lưu trữ: Trung tâm Học liệu Trường Đại học Cần Thơ
LEADER 00537nam a2200193Ia 4500
001 CTU_54132
008 210402s9999 xx 000 0 und d
020 |b 32500 
082 |a 616.692 
082 |b X304 
100 |a Nguyễn Thị Xiêm 
245 0 |a Vô sinh 
245 0 |c Nguyễn Thị Xiêm và Lê Thị Phương Lan 
260 |a H. 
260 |b Y Học 
260 |c 2002 
650 |a Infertility,generative organs,childlessness 
650 |x diseases 
980 |a Trung tâm Học liệu Trường Đại học Cần Thơ